Leonardo Da Vinci / (Record no. 4849)

MARC details
000 -LEADER
fixed length control field 01751nam a22003017a 4500
001 - CONTROL NUMBER
control field 4849
003 - CONTROL NUMBER IDENTIFIER
control field FISKH
005 - DATE AND TIME OF LATEST TRANSACTION
control field 20241017155202.0
008 - FIXED-LENGTH DATA ELEMENTS--GENERAL INFORMATION
fixed length control field 241017b cb ||||| |||| 00| 0 eng d
020 ## - INTERNATIONAL STANDARD BOOK NUMBER
International Standard Book Number 9780194236706
040 ## - CATALOGING SOURCE
Original cataloging agency FISKH
Language of cataloging eng
Transcribing agency FISKH
Modifying agency FISKH
050 ## - LIBRARY OF CONGRESS CALL NUMBER
Classification number N6923.L33
082 ## - DEWEY DECIMAL CLASSIFICATION NUMBER
Classification number 709.2
100 ## - MAIN ENTRY--PERSONAL NAME
Personal name Raynham, Alex
245 ## - TITLE STATEMENT
Title Leonardo Da Vinci /
Statement of responsibility, etc. Leonardo Da Vinci
250 ## - EDITION STATEMENT
Edition statement First Published 2013
260 ## - PUBLICATION, DISTRIBUTION, ETC.
Place of publication, distribution, etc. New York :
Name of publisher, distributor, etc. Oxford University Press ;
Date of publication, distribution, etc. 2013.
300 ## - PHYSICAL DESCRIPTION
Extent 56 pages :
Other physical details color illustrations ;
Dimensions 22 cm .
490 ## - SERIES STATEMENT
Series statement Oxford Bookworms
Volume/sequential designation Stage 2
505 ## - FORMATTED CONTENTS NOTE
Formatted contents note V <br/>
520 ## - SUMMARY, ETC.
Summary, etc. 'What does the world look like from the moon?' 'How do our bodies work?' 'Is it possible for people to fly?' 'Can I make a horse of bronze that is 8 metres tall?' 'How can we have cleaner cities?'All his life, Leonardo da Vinci asked questions. We know him as a great artist, but he was one of the great thinkers of all time, and even today, doctors and scientists are still learning from his ideas. Meet the man who made a robot lion, wrote backwards, and tried to win a war by moving a river .. .Oxford Bookworms enjoy a world-wide reputation for high-quality storytelling and a great reading experience.Research shows reading a lot improves all your language skills.Experts recognize Oxford Bookworms as the most consistent series in terms of language control, length, and quality of story - very important for fluent reading and extensive reading.There's a wide choice of titles too - something for everyone.
521 8# - TARGET AUDIENCE NOTE
Target audience note 860 <br/>
Source Lexile <br/>
521 8# - TARGET AUDIENCE NOTE
Target audience note V <br/>
Source Raz-Plus <br/>
650 ## - SUBJECT ADDED ENTRY--TOPICAL TERM
Topical term or geographic name entry element famous painter
Form subdivision non-fiction
700 ## - ADDED ENTRY--PERSONAL NAME
Personal name Lindop, Christine
Relator term Factfiles Seried Editor
942 ## - ADDED ENTRY ELEMENTS (KOHA)
Source of classification or shelving scheme Dewey Decimal Classification
Koha item type Books
Suppress in OPAC No
Holdings
Withdrawn status Lost status Source of classification or shelving scheme Damaged status Not for loan Collection Home library Current library Shelving location Date acquired Total Checkouts Full call number Barcode Date last seen Price effective from Koha item type
    Dewey Decimal Classification     Non-Fiction Footprints International School Library Network Toul Kork Campus Footprints International School Library Network Toul Kork Campus TTP Secondary Non-Fiction Bookshelves 10/17/2024   RAY 709.2 N6923.L33 FIS00290 10/17/2024 10/17/2024 Books